| 000 | 00423nam a22001697a 4500 | ||
|---|---|---|---|
| 003 | NUST - PNEC | ||
| 005 | 20170116181018.0 | ||
| 008 | 150915b xxu||||| |||| 00| 0 eng d | ||
| 020 | _a0080325718 | ||
| 040 | _cLIBRARY | ||
| 082 | _a621.4 HAY | ||
| 100 |
_910508 _aHaywood, R. W. |
||
| 245 |
_aAnalysis of engineering cycles _cR. W. Haywood |
||
| 260 | _ac.1986 | ||
| 650 |
_910510 _aPower-plants _xME |
||
| 942 |
_2ddc _cBK |
||
| 999 |
_c67320 _d67320 |
||